Tous les films avec Jean-Pierre Bacri - Statistiques

Statistiques générales
  • Ce quiz a été pris 29 fois
  • Le résultat moyen est 10 sur 49
Statistiques - réponses
Date Réalisateur/rice Réponse % Correct
2017 Olivier Nakache / Éric Toledano Le Sens de la fête
96%
1997 Alain Chabat Didier
88%
1996 Cédric Klapisch Un air de famille
75%
2000 Agnès Jaoui Le Goût des autres
67%
1993 Philippe Muyl Cuisine et Dépendances
58%
1985 Luc Besson Subway
46%
1994 Alain Berberian La Cité de la peur
42%
1997 Alain Resnais On connaît la chanson
42%
1982 Alexandre Arcady Le Grand Pardon
38%
1989 Jean-Marie Poiré Mes meilleurs copains
33%
2018 Agnès Jaoui Place publique
29%
1990 Diane Kurys La Baule-les-Pins
25%
1987 Gérard Krawczyk L'Été en pente douce
25%
2017 Alain Chabat Santa et Cie
25%
2012 Pascal Bonitzer Cherchez Hortense
21%
2004 Agnès Jaoui Comme une image
21%
2015 Michel Leclerc La Vie très privée de Monsieur Sim
21%
2013 Agnès Jaoui Au bout du conte
17%
1983 Claude Lelouch Édith et Marcel
17%
2017 Gérard Pautonnier Grand Froid
17%
1984 Claude Pinoteau La Septième Cible
17%
1983 Alexandre Arcady Le Grand carnaval
17%
1998 Nicole Garcia Place Vendôme
17%
1985 Jean-Charles Tacchella Escalier C
13%
1999 Sam Karmann Kennedy et moi
13%
2003 Noémie Lvovsky Les Sentiments
13%
2008 Agnès Jaoui Parlez-moi de la pluie
13%
1999 Cédric Klapisch Peut-être
13%
2009 Nassim Amaouche Adieu Gary
8%
1986 Stéphane Kurc Chère canaille
8%
1986 Jacques Fansten États d'âme
8%
1986 Jean-Michel Ribes La Galette du roi
8%
2018 Cécilia Rouaud Photo de famille
8%
2017 Pascal Bonitzer Tout de suite maintenant
8%
2011 Raphaël Jacoulot Avant l'aube
4%
1988 Pierre Tchernia Bonjour l'angoisse
4%
1983 Diane Kurys Coup de foudre
4%
1980 Claudine Guilmain La Femme intégrale
4%
1991 Yves Boisset La Tribu
4%
1992 Yves Robert Le Bal des casse-pieds
4%
1988 Jean-Pierre Mocky Les Saisons du plaisir
4%
1979 Pierre Granier-Deferre Le Toubib
4%
1992 Jean-Charles Tacchella L'Homme de ma vie
4%
1986 Joël Santoni Mort un dimanche de pluie
4%
1985 Jacques Deray On ne meurt que deux fois
4%
1986 Tony Gatlif Rue du départ
4%
2006 Nicole Garcia Selon Charlie
4%
1986 Jean Curtelin Suivez mon regard
4%
2002 Claude Berri Une femme de ménage
4%
Aucun quiz correspondant
Distribution des résultats
% des personnes avec chaque résultat
Percentile par nombre de réponses
Votre historique - résultats
Vous n’avez pas pris ce quiz